<?xml version="1.0" encoding="UTF-8"?>
<record
    xmlns:xsi="http://www.w3.org/2001/XMLSchema-instance"
    xsi:schemaLocation="http://www.loc.gov/MARC21/slim http://www.loc.gov/standards/marcxml/schema/MARC21slim.xsd"
    xmlns="http://www.loc.gov/MARC21/slim">

  <leader>00705nam a22001337a 4500</leader>
  <datafield tag="040" ind1=" " ind2=" ">
    <subfield code="c">RUA</subfield>
  </datafield>
  <datafield tag="082" ind1=" " ind2=" ">
    <subfield code="a">AVM KHL 2018 B658 Or.1</subfield>
  </datafield>
  <datafield tag="100" ind1=" " ind2=" ">
    <subfield code="a">KHLIT SENGHONG &#x1783;&#x17D2;&#x179B;&#x17B8;&#x178F;&#x200B; &#x179F;&#x17C1;&#x1784;&#x17A0;&#x17BB;&#x1784;&#x200B;</subfield>
  </datafield>
  <datafield tag="245" ind1=" " ind2=" ">
    <subfield code="a">detection and molecular charcterization of astroviruses in cave bats from kampot province  &#x1780;&#x17B6;&#x179A;&#x179F;&#x17D2;&#x179C;&#x17C2;&#x1784;&#x179A;&#x1780;&#x200B; &#x1793;&#x17B7;&#x1784;&#x1780;&#x17C6;&#x178E;&#x178F;&#x17CB;&#x17A2;&#x178F;&#x17D2;&#x178F;&#x179F;&#x1789;&#x17D2;&#x1789;&#x17B6;&#x178E;&#x1798;&#x17C9;&#x17BC;&#x179B;&#x17C1;&#x1782;&#x17BB;&#x179B;&#x1793;&#x17C3;&#x179C;&#x17B8;&#x179A;&#x17BB;&#x179F;&#x17A2;&#x17B6;&#x179F;&#x17D2;&#x179A;&#x17D2;&#x178F;&#x17BC; &#x179B;&#x17BE;&#x179F;&#x178F;&#x17D2;&#x179C;&#x1785;&#x17C0;&#x179C; &#x1793;&#x17C5;&#x1781;&#x17D2;&#x178F;&#x17C1;&#x178F;&#x1780;&#x17C6;&#x1796;&#x178F;</subfield>
  </datafield>
  <datafield tag="260" ind1=" " ind2=" ">
    <subfield code="a">RUA</subfield>
    <subfield code="b">phnom penh</subfield>
    <subfield code="c">2018</subfield>
  </datafield>
  <datafield tag="300" ind1=" " ind2=" ">
    <subfield code="a">x;45p</subfield>
    <subfield code="b">ill;</subfield>
    <subfield code="c">29cm </subfield>
  </datafield>
  <datafield tag="856" ind1=" " ind2=" ">
    <subfield code="u">https://drive.google.com/file/d/1ek7TdL7OGJGa_yN5szcwhJme_MwTdYPL/view?usp=sharing</subfield>
  </datafield>
  <datafield tag="942" ind1=" " ind2=" ">
    <subfield code="c">AVM</subfield>
  </datafield>
  <datafield tag="999" ind1=" " ind2=" ">
    <subfield code="c">18878</subfield>
    <subfield code="d">18878</subfield>
  </datafield>
  <datafield tag="952" ind1=" " ind2=" ">
    <subfield code="0">0</subfield>
    <subfield code="1">0</subfield>
    <subfield code="2">ddc</subfield>
    <subfield code="4">0</subfield>
    <subfield code="6">AVM_KHL_2018_000000000000000_B658_OR</subfield>
    <subfield code="7">0</subfield>
    <subfield code="9">83523</subfield>
    <subfield code="a">LBB</subfield>
    <subfield code="b">LBB</subfield>
    <subfield code="c">B658</subfield>
    <subfield code="d">2020-02-05</subfield>
    <subfield code="o">AVM KHL 2018 B658 Or.</subfield>
    <subfield code="p">A43060</subfield>
    <subfield code="r">2020-02-05</subfield>
    <subfield code="w">2020-02-05</subfield>
    <subfield code="y">AVM</subfield>
  </datafield>
  <datafield tag="952" ind1=" " ind2=" ">
    <subfield code="0">0</subfield>
    <subfield code="1">0</subfield>
    <subfield code="2">ddc</subfield>
    <subfield code="4">0</subfield>
    <subfield code="6">AVM_KHL_2018_000000000000000_B658_OR</subfield>
    <subfield code="7">0</subfield>
    <subfield code="9">83524</subfield>
    <subfield code="a">LBB</subfield>
    <subfield code="b">LBB</subfield>
    <subfield code="c">B658</subfield>
    <subfield code="d">2020-02-05</subfield>
    <subfield code="o">AVM KHL 2018 B658 Or.</subfield>
    <subfield code="p">A43500</subfield>
    <subfield code="r">2020-02-05</subfield>
    <subfield code="w">2020-02-05</subfield>
    <subfield code="y">AVM</subfield>
  </datafield>
  <datafield tag="952" ind1=" " ind2=" ">
    <subfield code="0">0</subfield>
    <subfield code="1">0</subfield>
    <subfield code="2">ddc</subfield>
    <subfield code="4">0</subfield>
    <subfield code="6">AVM_KHL_2018_000000000000000_B658_OR</subfield>
    <subfield code="7">0</subfield>
    <subfield code="9">83525</subfield>
    <subfield code="a">LBB</subfield>
    <subfield code="b">LBB</subfield>
    <subfield code="c">B658</subfield>
    <subfield code="d">2020-02-05</subfield>
    <subfield code="o">AVM KHL 2018 B658 Or.</subfield>
    <subfield code="p">A063576</subfield>
    <subfield code="r">2020-02-05</subfield>
    <subfield code="w">2020-02-05</subfield>
    <subfield code="y">AVM</subfield>
  </datafield>
  <datafield tag="952" ind1=" " ind2=" ">
    <subfield code="0">0</subfield>
    <subfield code="1">0</subfield>
    <subfield code="2">ddc</subfield>
    <subfield code="4">0</subfield>
    <subfield code="6">AVM_KHL_2018_000000000000000_B658_OR</subfield>
    <subfield code="7">0</subfield>
    <subfield code="9">83526</subfield>
    <subfield code="a">LBB</subfield>
    <subfield code="b">LBB</subfield>
    <subfield code="c">B658</subfield>
    <subfield code="d">2020-02-05</subfield>
    <subfield code="o">AVM KHL 2018 B658 Or.</subfield>
    <subfield code="p">A063622</subfield>
    <subfield code="r">2020-02-05</subfield>
    <subfield code="w">2020-02-05</subfield>
    <subfield code="y">AVM</subfield>
  </datafield>
  <datafield tag="952" ind1=" " ind2=" ">
    <subfield code="0">0</subfield>
    <subfield code="1">0</subfield>
    <subfield code="2">ddc</subfield>
    <subfield code="4">0</subfield>
    <subfield code="6">AVM_KHL_2018_000000000000000_B658_OR</subfield>
    <subfield code="7">0</subfield>
    <subfield code="9">83527</subfield>
    <subfield code="a">LBB</subfield>
    <subfield code="b">LBB</subfield>
    <subfield code="c">B658</subfield>
    <subfield code="d">2020-02-05</subfield>
    <subfield code="o">AVM KHL 2018 B658 Or.</subfield>
    <subfield code="p">A063688</subfield>
    <subfield code="r">2020-02-05</subfield>
    <subfield code="w">2020-02-05</subfield>
    <subfield code="y">AVM</subfield>
  </datafield>
  <datafield tag="952" ind1=" " ind2=" ">
    <subfield code="0">0</subfield>
    <subfield code="1">0</subfield>
    <subfield code="2">ddc</subfield>
    <subfield code="4">0</subfield>
    <subfield code="6">AVM_KHL_2018_000000000000000_B658_OR</subfield>
    <subfield code="7">0</subfield>
    <subfield code="9">83528</subfield>
    <subfield code="a">LBB</subfield>
    <subfield code="b">LBB</subfield>
    <subfield code="c">B658</subfield>
    <subfield code="d">2020-02-05</subfield>
    <subfield code="o">AVM KHL 2018 B658 Or.</subfield>
    <subfield code="p">A063788</subfield>
    <subfield code="r">2020-02-05</subfield>
    <subfield code="w">2020-02-05</subfield>
    <subfield code="y">AVM</subfield>
  </datafield>
</record>
